Diccionario ilustrado de la lengua española
Uloženo v:
| Médium: | Kniha |
|---|---|
| Jazyk: | španělština |
| Vydáno: |
Santiago
Sopena
2006
|
| Témata: | |
| Tagy: |
Přidat tag
Žádné tagy, Buďte první, kdo vytvoří štítek k tomuto záznamu!
|
MARC
| LEADER | 00000nam a2200000 a 4500 | ||
|---|---|---|---|
| 001 | UCK9747 | ||
| 003 | CL-VaPUC | ||
| 008 | 060519e20060000CL |||||||||||||||||spa|d | ||
| 082 | 0 | 4 | |a 036 |b DIC |2 21 |
| 245 | 1 | 0 | |a Diccionario ilustrado de la lengua española |
| 300 | |a 831 p | ||
| 942 | |c BK | ||
| 945 | |d 20060519 00:00:00 |a jtorresc | ||
| 260 | |a Santiago |b Sopena |c 2006 | ||
| 650 | 0 | |a Diccionarios |9 256200 | |
| 650 | 0 | |a Español |9 255372 | |
| 583 | |a last modification |c 20060519 00:00:00 |k Rodrigo Vera | ||
| 999 | |c 316811 |d 316809 | ||
| 952 | |0 0 |1 0 |4 0 |6 036_000000000000000_DIC_2006 |7 0 |8 X |9 392268 |a BIBHIS |b BIBHIS |d 2019-11-22 |i 423569K |o 036 DIC 2006 |p 423569K |r 2024-01-30 |w 2019-11-22 |y BK_X |k HIS | ||